00560nam a22001697a 450000500170000001000150001702000260003203500140005803700130007208200150008510000170010024500610011725000100017826000430018827001300023130000290036120230419121717.0 aENG-136736 a9789388398497c800.00 aEN-120268 bDBAD/PUB a363.700954 aDamodaran, K00aEconomics Burden Of Pollution In India /cBy K Damodaran aFirst aTamil NadubShanlax Publicationsc2019 bTamil Nadua61, 66 T.P.K. Main Road, Vasantha Nagar, Maduraie625003k0452-4208765k7639303383mshanlaxpublications@gmail.com a342p. :c22cm(pbk)bill.